[Event "Iran Chess Championship Semi Final 2015 "]
[Site "Rasht , Iran"]
[Date "2015.12.18"]
[Round "8"]
[Board "7"]
[White "Sedaghati, Mehrdad"]
[Black "Vaghar, Mohsen"]
[Result "1/2-1/2"]
[WhiteElo "2325"]
[BlackElo "2172"]
[PlyCount "0"]
[EventDate "2015.12.13"]
[EventRounds "9"]
[EventCountry "IRI"]

1. e4 {[%clk 1:30:48]} c6 {[%clk 1:30:21]} 2. d4 {[%clk 1:30:30]} d5
{[%clk 1:30:39]} 3. exd5 {[%clk 1:29:43]} cxd5 {[%clk 1:30:51]} 4. Bd3
{[%clk 1:30:08]} Nc6 {[%clk 1:30:55]} 5. c3 {[%clk 1:30:33]} g6 {[%clk 1:29:47]}
6. h3 {[%clk 1:30:31]} Nh6 {[%clk 1:25:27]} 7. Nf3 {[%clk 1:30:00]} Bf5
{[%clk 1:25:48]} 8. Bxh6 {[%clk 1:29:25]} Bxh6 {[%clk 1:26:12]} 9. Bxf5
{[%clk 1:29:52]} gxf5 {[%clk 1:26:34]} 10. Nbd2 {[%clk 1:29:15]} Qd6
{[%clk 1:25:07]} 11. Qe2 {[%clk 1:28:15]} O-O-O {[%clk 1:21:31]} 12. O-O-O
{[%clk 1:24:48]} Kb8 {[%clk 1:18:06]} 13. Rhe1 {[%clk 1:23:53]} e6
{[%clk 1:09:11]} 14. Kb1 {[%clk 1:23:23]} Qc7 {[%clk 1:01:09]} 15. Nb3
{[%clk 1:21:34]} Bf4 {[%clk 0:58:11]} 16. Nc5 {[%clk 1:19:08]} Bd6
{[%clk 0:58:25]} 17. Nd3 {[%clk 1:19:36]} Rdg8 {[%clk 0:57:44]} 18. g3
{[%clk 1:15:26]} h5 {[%clk 0:54:24]} 19. Rg1 {[%clk 1:12:13]} a6 {[%clk 0:49:34]}
20. Rde1 {[%clk 1:08:57]} Ka7 {[%clk 0:49:23]} 21. Qd2 {[%clk 1:04:46]} Be7
{[%clk 0:45:27]} 22. h4 {[%clk 1:04:39]} Bf6 {[%clk 0:43:31]} 23. Qe2
{[%clk 1:00:15]} Ne7 {[%clk 0:42:26]} 24. Qd2 {[%clk 0:36:35]} Nc8
{[%clk 0:36:18]} 25. Nf4 {[%clk 0:34:18]} Nd6 {[%clk 0:36:06]} 26. Qe2
{[%clk 0:30:06]} Ne4 {[%clk 0:33:45]} 27. Ref1 {[%clk 0:28:33]} Qb6
{[%clk 0:27:24]} 28. Rc1 {[%clk 0:27:39]} Rc8 {[%clk 0:26:56]} 29. Ka1
{[%clk 0:27:09]} Rc7 {[%clk 0:20:07]} 30. Rc2 {[%clk 0:22:05]} Bg7
{[%clk 0:18:30]} 31. Rb1 {[%clk 0:17:01]} a5 {[%clk 0:15:10]} 32. Ne1
{[%clk 0:14:35]} Qa6 {[%clk 0:13:47]} 33. Ned3 {[%clk 0:09:21]} Qc4
{[%clk 0:13:04]} 34. f3 {[%clk 0:07:48]} Nd6 {[%clk 0:12:48]} 35. Ne5
{[%clk 0:04:18]} Qxe2 {[%clk 0:11:35]} 36. Rxe2 {[%clk 0:04:42]} Bxe5
{[%clk 0:11:29]} 37. Rxe5 {[%clk 0:04:37]} Ne8 {[%clk 0:10:31]} 38. Rc1
{[%clk 0:03:59]} Nf6 {[%clk 0:10:42]} 39. Re2 {[%clk 0:03:41]} Rg8
{[%clk 0:09:54]} 40. Rg2 {[%clk 0:04:03]} Rg7 {[%clk 0:08:12]} 41. a4
{[%clk 0:03:59]} Rc8 {[%clk 0:07:04]} 42. b3 {[%clk 0:04:22]} b6 {[%clk 0:05:24]}
43. Kb2 {[%clk 0:04:45]} Rcg8 {[%clk 0:05:41]} 44. Rcg1 {[%clk 0:05:09]} Kb7
{[%clk 0:05:59]} 45. Kc2 {[%clk 0:05:29]} Kc6 {[%clk 0:06:16]} 46. Kd3
{[%clk 0:04:08]} Kd6 {[%clk 0:06:27]} 47. Ke3 {[%clk 0:04:19]} Rb8
{[%clk 0:05:25]} 48. c4 {[%clk 0:03:43]} Rc8 {[%clk 0:03:34]} 49. Kd3
{[%clk 0:02:43]} Rcg8 {[%clk 0:03:55]} 50. Kd2 {[%clk 0:01:07]} Rc8
{[%clk 0:03:55]} 51. Kd3 {[%clk 0:00:41]} Rcg8 {[%clk 0:03:20]} 52. Ne2
{[%clk 0:01:09]} Rd8 {[%clk 0:03:04]} 53. Ke3 {[%clk 0:01:17]} Rc8
{[%clk 0:02:36]} 54. Rc1 {[%clk 0:01:28]} Rh7 {[%clk 0:02:15]} 55. Rgg1
{[%clk 0:01:28]} dxc4 {[%clk 0:02:25]} 56. bxc4 {[%clk 0:01:53]} Nd7
{[%clk 0:02:48]} 57. Rgd1 {[%clk 0:01:51]} Ke7 {[%clk 0:02:44]} 58. Nf4
{[%clk 0:01:54]} Rhh8 {[%clk 0:02:53]} 59. Re1 {[%clk 0:01:37]} Rc7
{[%clk 0:02:06]} 60. Kf2 {[%clk 0:01:00]} Kd6 {[%clk 0:02:09]} 61. Red1
{[%clk 0:01:04]} Nf6 {[%clk 0:02:10]} 62. c5+ {[%clk 0:00:55]} bxc5
{[%clk 0:02:17]} 63. dxc5+ {[%clk 0:01:14]} Ke7 {[%clk 0:02:34]} 64. Rb1
{[%clk 0:00:48]} Rhc8 {[%clk 0:02:39]} 65. Nd3 {[%clk 0:00:41]} Nd7
{[%clk 0:02:38]} 66. Nf4 {[%clk 0:00:34]} Nxc5 {[%clk 0:02:37]} 67. Rb5
{[%clk 0:00:43]} Nxa4 {[%clk 0:01:22]} 68. Rxa5 {[%clk 0:01:12]} Nb6
{[%clk 0:00:45]} 69. Nxh5 {[%clk 0:01:26]} Nd5 {[%clk 0:00:56]} 70. Rd2
{[%clk 0:00:34]} Rc5 {[%clk 0:01:04]} 71. Ra7+ {[%clk 0:00:41]} R8c7
{[%clk 0:01:19]} 72. Rxc7+ {[%clk 0:00:52]} Rxc7 {[%clk 0:01:47]} 73. Ra2
{[%clk 0:00:43]} f6 {[%clk 0:02:05]} 74. g4 {[%clk 0:00:34]} f4 {[%clk 0:00:50]}
75. Ra8 {[%clk 0:00:35]} Kf7 {[%clk 0:00:40]} 76. Rh8 {[%clk 0:00:50]} Rc2+
{[%clk 0:00:56]} 77. Ke1 {[%clk 0:01:12]} Rh2 {[%clk 0:00:49]} 78. Rh7+
{[%clk 0:01:14]} Kg6 {[%clk 0:00:49]} 79. Rg7+ {[%c

[Event "Iran Chess Championship Semi Final 2015 "]
[Site "Rasht , Iran"]
[Date "2015.12.18"]
[Round "8"]
[Board "8"]
[White "Bagheri, Maziar"]
[Black "Sadeh, Shahin"]
[Result "1-0"]
[WhiteElo "2237"]
[BlackElo "2284"]
[PlyCount "0"]
[EventDate "2015.12.13"]
[EventRounds "9"]
[EventCountry "IRI"]

1. Nf3 {[%clk 1:30:55]} g6 {[%clk 1:30:55]} 2. c4 {[%clk 1:31:13]} Bg7
{[%clk 1:31:13]} 3. e4 {[%clk 1:31:26]} d6 {[%clk 1:31:14]} 4. d4
{[%clk 1:31:48]} Nd7 {[%clk 1:31:25]} 5. Nc3 {[%clk 1:32:04]} e6 {[%clk 1:31:29]}
6. Be3 {[%clk 1:28:56]} Ne7 {[%clk 1:31:53]} 7. Qd2 {[%clk 1:29:16]} h6
{[%clk 1:32:04]} 8. Be2 {[%clk 1:25:06]} b6 {[%clk 1:32:17]} 9. d5
{[%clk 1:14:18]} e5 {[%clk 1:31:30]} 10. g4 {[%clk 1:14:21]} a5 {[%clk 1:29:19]}
11. Qc2 {[%clk 1:13:40]} Nc5 {[%clk 1:26:12]} 12. Nd2 {[%clk 1:13:32]} O-O
{[%clk 1:24:50]} 13. Rg1 {[%clk 1:13:17]} c6 {[%clk 1:14:08]} 14. a3
{[%clk 0:58:29]} Bd7 {[%clk 1:06:21]} 15. b3 {[%clk 0:51:10]} Kh8
{[%clk 0:57:17]} 16. Rb1 {[%clk 0:45:36]} f5 {[%clk 0:52:16]} 17. gxf5
{[%clk 0:43:22]} gxf5 {[%clk 0:52:43]} 18. b4 {[%clk 0:40:04]} axb4
{[%clk 0:51:47]} 19. axb4 {[%clk 0:40:27]} Nxe4 {[%clk 0:44:35]} 20. Ndxe4
{[%clk 0:39:57]} fxe4 {[%clk 0:45:01]} 21. dxc6 {[%clk 0:33:14]} Bxc6
{[%clk 0:41:58]} 22. Bg4 {[%clk 0:31:19]} Nf5 {[%clk 0:31:57]} 23. Bxf5
{[%clk 0:31:41]} Rxf5 {[%clk 0:32:26]} 24. b5 {[%clk 0:30:30]} Bb7
{[%clk 0:26:48]} 25. Nd5 {[%clk 0:29:56]} Qh4 {[%clk 0:25:20]} 26. Nxb6
{[%clk 0:29:28]} Ra3 {[%clk 0:24:30]} 27. Rb3 {[%clk 0:27:02]} Ra1+
{[%clk 0:20:57]} 28. Rb1 {[%clk 0:27:30]} Qxh2 {[%clk 0:20:56]} 29. Rf1
{[%clk 0:26:40]} Rf3 {[%clk 0:11:31]} 30. Rxa1 {[%clk 0:20:20]} Rxe3+
{[%clk 0:11:59]} 31. Kd2 {[%clk 0:20:42]} Rh3 {[%clk 0:12:05]} 32. Nd5
{[%clk 0:17:13]} e3+ {[%clk 0:08:11]} 33. Nxe3 {[%clk 0:07:03]} Rxe3
{[%clk 0:06:54]} 34. Kxe3 {[%clk 0:07:31]} Qf4+ {[%clk 0:07:23]} 35. Ke2
{[%clk 0:07:48]} Qf3+ {[%clk 0:03:49]} 36. Ke1 {[%clk 0:06:52]} e4
{[%clk 0:02:09]} 37. Rc1 {[%clk 0:07:21]} Bc8 {[%clk 0:01:24]} 38. Rg1
{[%clk 0:06:20]} Bg4 {[%clk 0:01:02]} 39. Qd2 {[%clk 0:06:17]} Be5
{[%clk 0:01:06]} 40. Qxh6+ {[%clk 0:06:39]} Kg8 {[%clk 0:01:19]} 41. Qg5+
{[%clk 0:06:49]} Kf8 {[%clk 0:01:37]} 42. Qxg4 {[%clk 0:06:34]} Bc3+
{[%clk 0:01:58]} 43. Kf1 {[%clk 0:06:35]} Qd3+ {[%clk 0:02:21]} 44. Kg2
{[%clk 0:07:00]} 1-0

[Event "Iran Chess Championship Semi Final 2015 "]
[Site "Rasht , Iran"]
[Date "2015.12.18"]
[Round "8"]
[Board "9"]
[White "Roohi, Abdolmajid"]
[Black "Khamisi, S Jafar"]
[Result "0-1"]
[WhiteElo "2201"]
[BlackElo "2224"]
[PlyCount "0"]
[EventDate "2015.12.13"]
[EventRounds "9"]
[EventCountry "IRI"]

1. Nf3 {[%clk 1:30:50]} d5 {[%clk 1:30:48]} 2. e3 {[%clk 1:31:06]} Nf6
{[%clk 1:30:49]} 3. b3 {[%clk 1:31:22]} Bf5 {[%clk 1:30:09]} 4. Bb2
{[%clk 1:30:27]} e6 {[%clk 1:29:30]} 5. Be2 {[%clk 1:30:14]} h6 {[%clk 1:29:25]}
6. O-O {[%clk 1:30:21]} Be7 {[%clk 1:29:37]} 7. Ne5 {[%clk 1:29:46]} O-O
{[%clk 1:29:06]} 8. f4 {[%clk 1:29:02]} Nbd7 {[%clk 1:27:41]} 9. Bf3
{[%clk 1:26:14]} a5 {[%clk 1:22:36]} 10. a4 {[%clk 1:23:17]} c6 {[%clk 1:22:19]}
11. d3 {[%clk 1:22:30]} Qb6 {[%clk 1:15:27]} 12. Qe2 {[%clk 1:14:18]} Bc5
{[%clk 1:01:12]} 13. Re1 {[%clk 1:10:41]} Nxe5 {[%clk 1:00:26]} 14. Bxe5
{[%clk 1:10:59]} Nd7 {[%clk 1:00:10]} 15. Bb2 {[%clk 1:11:07]} Rfe8
{[%clk 0:58:22]} 16. Kh1 {[%clk 1:09:15]} Bb4 {[%clk 0:56:38]} 17. Rf1
{[%clk 0:59:01]} Bh7 {[%clk 0:54:15]} 18. e4 {[%clk 0:56:38]} Rad8
{[%clk 0:50:14]} 19. Nc3 {[%clk 0:54:02]} Qc7 {[%clk 0:34:50]} 20. Na2
{[%clk 0:47:38]} Bf8 {[%clk 0:33:11]} 21. Rae1 {[%clk 0:44:16]} Nc5
{[%clk 0:30:10]} 22. e5 {[%clk 0:39:43]} b5 {[%clk 0:24:45]} 23. axb5
{[%clk 0:31:51]} cxb5 {[%clk 0:25:13]} 24. g4 {[%clk 0:26:19]} b4
{[%clk 0:16:36]} 25. Bd4 {[%clk 0:21:55]} Nd7 {[%clk 0:13:43]} 26. Bg2
{[%clk 0:14:18]} Bc5 {[%clk 0:12:55]} 27. Bb2 {[%clk 0:14:37]} a4
{[%clk 0:11:24]} 28. bxa4 {[%clk 0:13:08]} Ra8 {[%clk 0:10:53]} 29. Nc1
{[%clk 0:13:03]} Nb6 {[%clk 0:11:10]} 30. Nb3 {[%clk 0:12:21]} Nxa4
{[%clk 0:11:13]} 31. Ba1 {[%clk 0:12:51]} Bf8 {[%clk 0:10:59]} 32. f5
{[%clk 0:09:36]} Nc3 {[%clk 0:08:50]} 33. Qf3 {[%clk 0:08:30]} Nb5
{[%clk 0:05:11]} 34. Re2 {[%clk 0:08:30]} g6 {[%clk 0:01:32]} 35. fxe6
{[%clk 0:08:09]} fxe6 {[%clk 0:01:53]} 36. g5 {[%clk 0:07:12]} h5
{[%clk 0:00:50]} 37. Bh3 {[%clk 0:06:56]} Bg7 {[%clk 0:01:04]} 38. Nd4
{[%clk 0:05:43]} Nxd4 {[%clk 0:00:33]} 39. Bxd4 {[%clk 0:06:12]} Kh8
{[%clk 0:00:44]} 40. Qe3 {[%clk 0:05:58]} Ra2 {[%clk 0:00:58]} 41. Ref2
{[%clk 0:05:02]} Bg8 {[%clk 0:01:05]} 42. Bc5 {[%clk 0:03:45]} Bxe5
{[%clk 0:00:31]} 43. d4 {[%clk 0:04:05]} Bg7 {[%clk 0:00:39]} 44. Qd3
{[%clk 0:04:25]} Kh7 {[%clk 0:00:44]} 45. Rg1 {[%clk 0:02:23]} Ra3
{[%clk 0:01:01]} 46. Qf1 {[%clk 0:02:14]} e5 {[%clk 0:00:51]} 47. Bxb4
{[%clk 0:02:14]} Re3 {[%clk 0:00:55]} 48. Bd2 {[%clk 0:01:58]} exd4
{[%clk 0:01:15]} 49. Bxe3 {[%clk 0:01:47]} dxe3 {[%clk 0:01:40]} 50. Re2
{[%clk 0:02:16]} d4 {[%clk 0:01:55]} 51. Bg2 {[%clk 0:02:13]} Bc4
{[%clk 0:01:37]} 52. Qd1 {[%clk 0:02:20]} Qf4 {[%clk 0:01:43]} 53. Qf1
{[%clk 0:01:11]} Qxf1 {[%clk 0:00:37]} 54. Bxf1 {[%clk 0:01:32]} Bxe2
{[%clk 0:00:41]} 55. Bxe2 {[%clk 0:02:01]} Rf8 {[%clk 0:00:48]} 56. Bd3
{[%clk 0:01:30]} Be5 {[%clk 0:00:34]} 57. Rg2 {[%clk 0:00:42]} Rb8
{[%clk 0:00:35]} 58. Rg1 {[%clk 0:01:02]} Bf4 {[%clk 0:00:34]} 59. Rf1
{[%clk 0:01:10]} Bxg5 {[%clk 0:00:46]} 60. Rg1 {[%clk 0:01:36]} Re8
{[%clk 0:00:39]} 61. Rxg5 {[%clk 0:00:56]} e2 {[%clk 0:01:01]} 62. Bxe2
{[%clk 0:00:43]} Rxe2 {[%clk 0:01:25]} 63. Rd5 {[%clk 0:01:08]} Rd2
{[%clk 0:01:38]} 64. h4 {[%clk 0:01:33]} Kg7 {[%clk 0:02:01]} 65. Rd6
{[%clk 0:01:47]} Kf7 {[%clk 0:02:19]} 66. Kg1 {[%clk 0:02:04]} Ke7
{[%clk 0:01:33]} 67. Rxg6 {[%clk 0:02:26]} Rxc2 {[%clk 0:01:57]} 68. Kf1
{[%clk 0:02:06]} Rh2 {[%clk 0:02:11]} 69. Rh6 {[%clk 0:01:31]} Rxh4
{[%clk 0:02:11]} 70. Ke2 {[%clk 0:02:01]} Rh3 {[%clk 0:01:52]} 71. Kf2
{[%clk 0:01:47]} d3 {[%clk 0:01:05]} 72. Ra6 {[%clk 0:01:45]} d2 {[%clk 0:00:53]}
73. Ke2 {[%clk 0:02:02]} Rd3 {[%clk 0:01:03]} 74. Ra1 {[%clk 0:00:40]} Rd5
{[%clk 0:00:59]} 75. Rh1 {[%clk 0:00:55]} h4 {[%clk 0:01:14]} 76. Kd1
{[%clk 0:01:18]} Rd4 {[%clk 0:01:30]} 77. Rf1 {[%clk 0:01:04]} 0-1

[Event "Iran Chess Championship Semi Final 2015 "]
[Site "Rasht , Iran"]
[Date "2015.12.18"]
[Round "8"]
[Board "10"]
[White "Aghaei, Alireza"]
[Black "Soozankar, A.M."]
[Result "1/2-1/2"]
[WhiteElo "2189"]
[BlackElo "2321"]
[PlyCount "0"]
[EventDate "2015.12.13"]
[EventRounds "9"]
[EventCountry "IRI"]

1. d4 {[%clk 1:30:53]} Nf6 {[%clk 1:30:56]} 2. Bg5 {[%clk 1:31:00]} Ne4
{[%clk 1:31:05]} 3. Bf4 {[%clk 1:31:11]} d5 {[%clk 1:30:22]} 4. f3
{[%clk 1:30:38]} Nf6 {[%clk 1:29:16]} 5. e4 {[%clk 1:30:46]} dxe4
{[%clk 1:28:26]} 6. Nc3 {[%clk 1:30:59]} exf3 {[%clk 1:21:38]} 7. Nxf3
{[%clk 1:31:11]} Bg4 {[%clk 1:20:02]} 8. h3 {[%clk 1:30:07]} Bh5 {[%clk 1:19:31]}
9. g4 {[%clk 1:19:43]} Bg6 {[%clk 1:19:45]} 10. Qe2 {[%clk 1:19:03]} c6
{[%clk 1:16:41]} 11. O-O-O e6 {[%clk 1:12:22]} 12. a3 {[%clk 0:46:54]} Qa5
{[%clk 1:05:08]} 13. Bd2 {[%clk 0:38:23]} Bxa3 {[%clk 1:00:03]} 14. bxa3
{[%clk 0:33:54]} Qxa3+ {[%clk 1:00:13]} 15. Kb1 {[%clk 0:34:20]} Qb3+
{[%clk 1:00:21]} 16. Ka1 {[%clk 0:34:45]} Bxc2 {[%clk 1:00:39]} 17. Rc1
{[%clk 0:29:35]} Qa3+ {[%clk 1:01:06]} 18. Na2 {[%clk 0:30:00]} Bb3
{[%clk 1:01:28]} 19. Bb4 {[%clk 0:27:16]} Qa4 {[%clk 1:01:01]} 20. Rb1
{[%clk 0:24:10]} Nd5 {[%clk 0:56:21]} 21. Be1 {[%clk 0:22:16]} Ne3
{[%clk 0:56:16]} 22. Rb2 {[%clk 0:18:10]} Nc2+ {[%clk 0:44:54]} 23. Kb1
{[%clk 0:17:50]} Na3+ {[%clk 0:44:40]} 24. Ka1 {[%clk 0:12:44]} Bc4
{[%clk 0:42:04]} 25. Qd2 {[%clk 0:10:14]} Bxf1 {[%clk 0:42:20]} 26. Rxf1
{[%clk 0:10:18]} Nc4 {[%clk 0:42:47]} 27. Qg5 {[%clk 0:08:22]} Nxb2
{[%clk 0:39:48]} 28. Qxg7 {[%clk 0:08:17]} Rf8 {[%clk 0:36:52]} 29. Bb4
{[%clk 0:08:21]} Nd7 {[%clk 0:37:07]} 30. Bxf8 {[%clk 0:07:36]} Nxf8
{[%clk 0:37:35]} 31. Ne5 {[%clk 0:07:34]} O-O-O {[%clk 0:37:53]} 32. Rxf7
{[%clk 0:05:29]} Qxd4 {[%clk 0:36:33]} 33. Rc7+ {[%clk 0:04:40]} Kb8
{[%clk 0:37:01]} 34. Nd7+ {[%clk 0:02:48]} Rxd7 {[%clk 0:36:07]} 35. Rxd7
{[%clk 0:03:14]} Qxd7 {[%clk 0:35:06]} 36. Qxf8+ {[%clk 0:03:41]} Kc7
{[%clk 0:35:21]} 37. Kxb2 {[%clk 0:03:55]} Qd2+ {[%clk 0:35:38]} 38. Kb3
{[%clk 0:04:05]} Qd1+ {[%clk 0:35:48]} 39. Kb2 {[%clk 0:04:06]} Qd2+
{[%clk 0:36:11]} 40. Kb3 {[%clk 0:02:21]} Qd5+ {[%clk 0:34:40]} 41. Kb2
{[%clk 0:02:24]} Qd2+ {[%clk 0:33:52]} 42. Kb3 {[%clk 0:02:35]} Qd5+
{[%clk 0:34:18]} 43. Kb2 {[%clk 0:03:02]} 1/2-1/2

[Event "Iran Chess Championship Semi Final 2015 "]
[Site "Rasht , Iran"]
[Date "2015.12.18"]
[Round "8"]
[Board "11"]
[White "Rostami, Rouzbeh"]
[Black "Tahbaz, Arash"]
[Result "0-1"]
[WhiteElo "2150"]
[BlackElo "2297"]
[PlyCount "0"]
[EventDate "2015.12.13"]
[EventRounds "9"]
[EventCountry "IRI"]

1. e4 {[%clk 1:30:59]} c5 {[%clk 1:27:50]} 2. Nf3 {[%clk 1:31:20]} e6
{[%clk 1:28:13]} 3. d4 {[%clk 1:31:40]} cxd4 {[%clk 1:28:41]} 4. Nxd4
{[%clk 1:31:30]} Nf6 {[%clk 1:29:07]} 5. Nc3 {[%clk 1:32:20]} d6 {[%clk 1:29:30]}
6. Be3 {[%clk 1:32:26]} a6 {[%clk 1:29:53]} 7. f3 {[%clk 1:32:48]} b5
{[%clk 1:30:19]} 8. Qd2 {[%clk 1:33:10]} Nbd7 {[%clk 1:30:45]} 9. O-O-O
{[%clk 1:33:06]} Bb7 {[%clk 1:31:08]} 10. g4 {[%clk 1:33:22]} Nb6
{[%clk 1:31:18]} 11. Bd3 {[%clk 1:33:25]} Rc8 {[%clk 1:31:32]} 12. Kb1
{[%clk 1:33:39]} Qc7 {[%clk 1:27:57]} 13. Qf2 {[%clk 1:20:34]} Nfd7
{[%clk 1:27:55]} 14. Rhe1 {[%clk 1:18:55]} Be7 {[%clk 1:26:15]} 15. h4
{[%clk 1:11:20]} b4 {[%clk 1:25:11]} 16. Nce2 {[%clk 1:11:22]} d5
{[%clk 1:23:34]} 17. Bg5 {[%clk 1:05:54]} dxe4 {[%clk 1:22:21]} 18. fxe4
{[%clk 1:04:45]} Bxg5 {[%clk 1:21:49]} 19. hxg5 {[%clk 1:05:13]} Ne5
{[%clk 1:19:25]} 20. Nf4 {[%clk 1:03:58]} Na4 {[%clk 1:15:48]} 21. Rh1
{[%clk 0:47:46]} g6 {[%clk 1:12:43]} 22. Bb5+ {[%clk 0:41:18]} axb5
{[%clk 1:11:56]} 23. Nxb5 {[%clk 0:41:44]} Qxc2+ {[%clk 1:03:44]} 24. Qxc2
{[%clk 0:42:12]} Rxc2 {[%clk 1:04:10]} 25. Nd6+ {[%clk 0:42:31]} Ke7
{[%clk 1:04:35]} 26. Kxc2 {[%clk 0:42:16]} Bc6 {[%clk 1:02:50]} 27. b3
{[%clk 0:30:38]} Nc5 {[%clk 0:59:32]} 28. Kb2 {[%clk 0:25:33]} Rd8
{[%clk 0:57:35]} 29. Nc4 {[%clk 0:25:05]} Nxc4+ {[%clk 0:57:42]} 30. bxc4
{[%clk 0:25:24]} Ra8 {[%clk 0:57:03]} 31. Rxh7 {[%clk 0:18:50]} Bxe4
{[%clk 0:57:32]} 32. Rf1 {[%clk 0:19:20]} Rf8 {[%clk 0:48:49]} 33. Rg7
{[%clk 0:18:44]} e5 {[%clk 0:47:16]} 34. Nd5+ {[%clk 0:19:04]} Bxd5
{[%clk 0:47:42]} 35. cxd5 {[%clk 0:19:26]} Ne4 {[%clk 0:48:01]} 36. Rc1
{[%clk 0:15:45]} Nxg5 {[%clk 0:48:07]} 37. Rc6 {[%clk 0:16:14]} Rh8
{[%clk 0:41:12]} 38. Rcxg6 {[%clk 0:15:47]} Ne4 {[%clk 0:41:15]} 39. d6+
{[%clk 0:02:36]} Nxd6 {[%clk 0:41:39]} 40. Rxd6 {[%clk 0:02:04]} Kxd6
{[%clk 0:42:08]} 41. Rxf7 {[%clk 0:02:32]} Rg8 {[%clk 0:41:16]} 42. Kb3
{[%clk 0:02:19]} Rxg4 {[%clk 0:41:40]} 43. Rb7 {[%clk 0:02:44]} Kc5
{[%clk 0:40:27]} 44. Rc7+ {[%clk 0:03:11]} Kd5 {[%clk 0:40:52]} 45. Rb7
{[%clk 0:03:18]} Rd4 {[%clk 0:40:54]} 46. Rh7 {[%clk 0:02:00]} Ke4
{[%clk 0:40:32]} 47. Rh4+ {[%clk 0:02:18]} Ke3 {[%clk 0:40:11]} 48. Rh3+
{[%clk 0:02:42]} Kf2 {[%clk 0:40:29]} 49. Rh2+ {[%clk 0:00:58]} Kg3
{[%clk 0:40:43]} 50. Rh8 {[%clk 0:00:41]} e4 {[%clk 0:40:57]} 51. Rg8+
{[%clk 0:00:48]} Kf3 {[%clk 0:41:04]} 52. Rf8+ {[%clk 0:01:16]} Ke2
{[%clk 0:41:21]} 53. Kc2 {[%clk 0:01:16]} e3 {[%clk 0:41:12]} 54. Rf7
{[%clk 0:01:44]} Ke1 {[%clk 0:41:09]} 55. Rf8 {[%clk 0:00:41]} e2
{[%clk 0:41:26]} 56. Rb8 {[%clk 0:00:32]} Kf2 {[%clk 0:41:39]} 57. Rf8+
{[%clk 0:00:54]} Ke3 {[%clk 0:41:59]} 58. Re8+ {[%clk 0:01:19]} Re4
{[%clk 0:42:24]} 0-1

[Event "Iran Chess Championship Semi Final 2015 "]
[Site "Rasht , Iran"]
[Date "2015.12.18"]
[Round "8"]
[Board "12"]
[White "Ghaziolsharif, Kaveh"]
[Black "Khatibi, Meysam"]
[Result "1/2-1/2"]
[WhiteElo "2260"]
[BlackElo "2172"]
[PlyCount "0"]
[EventDate "2015.12.13"]
[EventRounds "9"]
[EventCountry "IRI"]

1. e4 e5 2. Nf3 Nc6 3. Bc4 Nf6 4. d3 Bc5 5. c3 d6 6. Bb3 O-O 7. h3 Ne7 8. O-O Ng6
9. d4 Bb6 10. Re1 h6 11. Nbd2 Re8 12. Bc2 c6 13. Nf1 Nh5 14. Be3 Qf6 15. a4 Nhf4
16. Ng3 Bc7 17. Nf5 Bxf5 18. exf5 Nf8 19. Nh2 Nh7 20. Ng4 Qh4 21. Bxf4 exf4 22.
Qf3 h5 23. Nh2 d5 24. Qd3 Ng5 25. Nf3 Nxf3+ 26. Qxf3 Kf8 27. Kf1 Qg5 28. Rad1 Bd6
29. Bd3 a5 30. Ra1 Rad8 31. Rad1 Ra8 32. Rd2 Rxe1+ 33. Kxe1 Re8+ 34. Kd1 h4 35.
Rc2 Re7 36. Re2 Ke8 37. Ke1 Kf8 38. Kf1 Re8 39. Rxe8+ Kxe8 40. Ke1 1/2-1/2

[Event "Iran Chess Championship Semi Final 2015 "]
[Site "Rasht , Iran"]
[Date "2015.12.19"]
[Round "9"]
[Board "1"]
[White "Firouzja, Alireza"]
[Black "Javanbakht, Nima"]
[Result "1/2-1/2"]
[WhiteElo "2372"]
[BlackElo "2410"]
[PlyCount "0"]
[EventDate "2015.12.13"]
[EventRounds "9"]
[EventCountry "IRI"]

1. e4 {[%clk 1:30:58]} c5 {[%clk 1:28:05]} 2. Nf3 {[%clk 1:31:24]} e6
{[%clk 1:28:22]} 3. d4 {[%clk 1:31:24]} cxd4 {[%clk 1:28:44]} 4. Nxd4
{[%clk 1:31:49]} Nc6 {[%clk 1:28:49]} 5. Nc3 {[%clk 1:32:06]} Qc7
{[%clk 1:29:03]} 6. Be3 {[%clk 1:32:21]} a6 {[%clk 1:29:16]} 7. Qd2
{[%clk 1:32:42]} Nf6 {[%clk 1:28:43]} 8. O-O-O {[%clk 1:32:58]} Be7
{[%clk 1:27:54]} 9. f4 {[%clk 1:33:22]} b5 {[%clk 1:27:19]} 10. e5
{[%clk 1:32:55]} b4 {[%clk 1:26:35]} 11. Ncb5 {[%clk 1:33:03]} axb5
{[%clk 1:27:01]} 12. Nxb5 {[%clk 1:33:26]} Qa5 {[%clk 1:27:27]} 13. exf6
{[%clk 1:33:41]} gxf6 {[%clk 1:27:51]} 14. Nd6+ {[%clk 1:33:30]} Bxd6
{[%clk 1:28:15]} 15. Qxd6 {[%clk 1:33:53]} Qxa2 {[%clk 1:28:14]} 16. Rd3
{[%clk 1:34:00]} Ne7 {[%clk 1:28:27]} 17. g4 {[%clk 1:33:07]} Nd5
{[%clk 1:24:27]} 18. Bg2 {[%clk 1:31:35]} Nxe3 {[%clk 1:24:23]} 19. Rxe3
{[%clk 1:32:00]} Qa7 {[%clk 1:22:41]} 20. Bxa8 {[%clk 1:30:23]} Qxe3+
{[%clk 1:22:41]} 21. Kb1 {[%clk 1:30:47]} h5 {[%clk 1:21:37]} 22. Rd1
{[%clk 1:30:36]} hxg4 {[%clk 1:21:43]} 23. Bc6 {[%clk 1:26:59]} Rxh2
{[%clk 1:20:23]} 24. Bxd7+ {[%clk 1:27:00]} Bxd7 {[%clk 1:20:35]} 25. Qb8+
{[%clk 1:27:26]} Ke7 {[%clk 1:20:57]} 26. Qxb4+ {[%clk 1:27:53]} Ke8
{[%clk 1:21:20]} 27. Qb8+ {[%clk 1:28:18]} 1/2-1/2

[Event "Iran Chess Championship Semi Final 2015 "]
[Site "Rasht , Iran"]
[Date "2015.12.19"]
[Round "9"]
[Board "2"]
[White "Lorparizangeneh, Shahin"]
[Black "Noroozi, Omid"]
[Result "1/2-1/2"]
[WhiteElo "2454"]
[BlackElo "2380"]
[PlyCount "0"]
[EventDate "2015.12.13"]
[EventRounds "9"]
[EventCountry "IRI"]

1. d4 {[%clk 1:30:58]} Nf6 {[%clk 1:25:21]} 2. c4 {[%clk 1:30:55]} g6
{[%clk 1:25:47]} 3. Nc3 {[%clk 1:30:51]} d5 {[%clk 1:26:01]} 4. cxd5
{[%clk 1:30:24]} Nxd5 {[%clk 1:26:22]} 5. e4 {[%clk 1:29:42]} Nxc3
{[%clk 1:26:43]} 6. bxc3 {[%clk 1:30:07]} Bg7 {[%clk 1:27:03]} 7. Nf3
{[%clk 1:29:16]} c5 {[%clk 1:27:11]} 8. Rb1 {[%clk 1:28:46]} O-O {[%clk 1:27:25]}
9. Be2 {[%clk 1:28:18]} Nc6 {[%clk 1:27:40]} 10. d5 {[%clk 1:25:00]} Ne5
{[%clk 1:27:56]} 11. Nxe5 {[%clk 1:24:30]} Bxe5 {[%clk 1:27:59]} 12. Qd2
{[%clk 1:23:33]} e6 {[%clk 1:27:04]} 13. f4 {[%clk 1:23:02]} Bc7 {[%clk 1:25:52]}
14. O-O {[%clk 1:22:31]} exd5 {[%clk 1:25:09]} 15. exd5 {[%clk 1:22:36]} Ba5
{[%clk 1:25:08]} 16. d6 {[%clk 1:21:27]} 1/2-1/2

[Event "Iran Chess Championship Semi Final 2015 "]
[Site "Rasht , Iran"]
[Date "2015.12.19"]
[Round "9"]
[Board "3"]
[White "Maghsoodloo, Parham"]
[Black "Bagheri, Maziar"]
[Result "1/2-1/2"]
[WhiteElo "2443"]
[BlackElo "2237"]
[PlyCount "0"]
[EventDate "2015.12.13"]
[EventRounds "9"]
[EventCountry "IRI"]

1. e4 {[%clk 1:28:29]} e5 {[%clk 1:30:50]} 2. Nf3 {[%clk 1:28:45]} Nc6
{[%clk 1:30:55]} 3. Bb5 {[%clk 1:28:58]} a6 {[%clk 1:29:07]} 4. Ba4
{[%clk 1:28:49]} Nf6 {[%clk 1:29:23]} 5. O-O {[%clk 1:27:19]} Be7
{[%clk 1:28:31]} 6. Re1 {[%clk 1:26:47]} b5 {[%clk 1:27:59]} 7. Bb3
{[%clk 1:27:11]} O-O {[%clk 1:26:37]} 8. c3 {[%clk 1:27:01]} d6 {[%clk 1:26:48]}
9. d4 {[%clk 1:21:53]} Bg4 {[%clk 1:24:43]} 10. d5 {[%clk 1:21:40]} Na5
{[%clk 1:22:23]} 11. Bc2 {[%clk 1:21:25]} c6 {[%clk 1:21:22]} 12. dxc6
{[%clk 1:19:54]} Qc7 {[%clk 1:20:38]} 13. Nbd2 {[%clk 1:19:12]} Qxc6
{[%clk 1:14:51]} 14. Nf1 {[%clk 1:18:54]} h6 {[%clk 1:14:30]} 15. Ng3
{[%clk 1:10:39]} Rfe8 {[%clk 1:12:55]} 16. h3 {[%clk 1:10:06]} Be6
{[%clk 1:10:11]} 1/2-1/2